000 00974cam a2200205 4500
001 ##L131919
008 051215n2004 000 0 eng u
020 _a1860816991
035 _a(Sirsi) u131919
041 0 _aeng
050 0 4 _a693.82 $2 18
100 1 _aBailey, C.
245 0 0 _aStructural fire engineering design
_bmaterials behaviour - steel
260 _aWatford
_bBRE
_c2004
300 _a8p
_bill, diagrams
_c30cm
490 0 _aBRE Digest
_v487(part 2)
520 _aThis digest forms part of a suite of related documents containing guidance for the construction industry on structural fire engineering design (see also BRE Digests 484, 485, 488 and 490). Each digest may be used in isolation or as part of the full suite. Part 2 of Digest 487 summarises the current available design tools to ensure stability of steel framed buildings during a fire, including beams, columns and floors.
690 _aMANAGEMENT-HEALTH AND SAFETY-FIRE SAFETY
942 _n0
999 _c104901
_d104901